|
|
|
|
| LEADER |
00000nab a2200000uu 4500 |
| 001 |
vtls011523318 |
| 003 |
SK-MaSNL |
| 005 |
20260303162708.0 |
| 008 |
230302|1923 xo |||||||||||||||||slo| |
| 015 |
|
|
|a SNBRB
|
| 035 |
|
|
|a (urnnbn)urn:nbn:sk:snk:ar-0024pz
|
| 035 |
|
|
|a (uuid)caae8051-a7a0-4ec4-97f9-5c04dc9ee020
|
| 035 |
|
|
|a urn:nbn:sk:snk-abeb49
|
| 040 |
|
|
|a SNKBUCL
|b slo
|c SNKBUCL
|e AACR2
|
| 041 |
0 |
|
|a slo
|
| 044 |
|
|
|a xo
|c SK
|
| 100 |
1 |
|
|a Claudel, Paul,
|d 1868-1955
|4 aut
|9 109259
|
| 245 |
1 |
0 |
|a PATER NOSTER.
|c Paul Claudel, Emil B. Lukáč.
|
| 700 |
1 |
|
|a Lukáč, Emil Boleslav,
|d 1900-1979
|4 trl
|9 111229
|
| 773 |
0 |
|
|t Slovenské pohľady
|g Roč. 39, č. 10 (1923), s. 576-577
|
| 958 |
|
|
|a OND
|
| 958 |
|
|
|a EUIPO
|
| 958 |
|
|
|a article21
|
| 999 |
|
|
|c 2056513
|d 2058443
|